• 首页
  • 本馆介绍
  • 公告通知
  • 最新文献
  • 馆藏检索
  • 电子资源
  • 读者导购
  • 参考咨询
  • 我的图书馆
  • 登录
  • 详细信息显示
  • 放入我的书架
  • 预约/预借图书
  • 作者相关作品
  • 分类相关作品
  • 丛书相关作品
  • 出版社相关作品

书目信息

  • 表格格式
  • 工作单格式
  • 卡片格式
题名:
多元统计分析与SPSS应用
    
 
作者: 汪冬华 , 马艳梅 编著
分册:  
出版信息: 上海   华东理工大学出版社有限公司  2018.02
页数: 324页
开本: 26cm
丛书名:
单 册:
中图分类: O212.4
科图分类:
主题词: 多元分析--统计分析--软件包
电子资源:
ISBN: 978-7-5628-5353-4
000 00895nam0 2200241 450
001 925
005 20180927144949.04
010    @a978-7-5628-5353-4@dCNY49.80
100    @a20180513d2018 em y0chiy50 ea
101 0  @achi
102    @aCN@b310000
105    @ay z 000yy
200 1  @a多元统计分析与SPSS应用@9duo yuan tong ji fen xi yu SPSS ying yong@f汪冬华,马艳梅编著
205    @a2版
210    @a上海@c华东理工大学出版社有限公司@d2018.02
215    @a324页@d26cm
330    @a本书共十三章,主要内容包括:多元描述统计分析、均值的比较检验、方差分析、正交试验设计、相关分析、回归分析、聚类分析、判别分析、主成分分析、因子分析、对应分析、典型相关分析和定性数据的统计分析等。
606 0  @a多元分析@x统计分析@x软件包
690    @aO212.4@v5
701  0 @a汪冬华@9wang dong hua@4编著
701  0 @a马艳梅@9ma yan mei@4编著
801  0 @aCN@b91MARC@c20180513
905    @aMuseLib@dO212.4@e115=2
    
    多元统计分析与SPSS应用/汪冬华,马艳梅编著.-2版.-上海:华东理工大学出版社有限公司,2018.02
    324页;26cm
    
    
    ISBN 978-7-5628-5353-4:CNY49.80
    本书共十三章,主要内容包括:多元描述统计分析、均值的比较检验、方差分析、正交试验设计、相关分析、回归分析、聚类分析、判别分析、主成分分析、因子分析、对应分析、典型相关分析和定性数据的统计分析等。
●
相关链接 在E读中查询图书 在五车中查询图书 在当当中查询图书 在豆瓣中查询图书


正题名:多元统计分析与SPSS应用     索取号:O212.4/115=2         预约/预借

序号 登录号 条形码 馆藏地/架位号 状态 备注
1 1120344   211203446   第二样本阅览室/ [索取号:O212.4/115=2] 在馆    
2 1120345   211203455   第三借阅区/ [索取号:O212.4/115=2] 在馆    
3 1120346   211203464   第三借阅区/ [索取号:O212.4/115=2] 在馆    
4 1120347   211203473   第三借阅区/ [索取号:O212.4/115=2] 在馆    
5 1120348   211203482   第三借阅区/ [索取号:O212.4/115=2] 在馆    
唐山师范学院图书馆 欢迎您!
大连网信软件有限公司© 版权所有